Levante UD Squad 2012-2013 - Statistics

General Stats
  • This quiz has been taken 12 times
  • The average score is 22 of 30
Answer Stats
# Position Nation Player % Correct
1 GK Uruguay Gustavo Munúa
100%
13 GK Costa Rica Keylor Navas
100%
24 FW Nigeria Obafemi Martins
100%
27 FW Spain Roger Martí
100%
10 MF Spain Vicente Iborra
100%
7 MF Spain José Javier Barkero
88%
12 DF Spain Juanfran
88%
23 MF Senegal Pape Diop
88%
19 DF Spain Pedro López
88%
11 FW Spain Rubén García
88%
18 DF Spain Sergio Ballesteros
88%
24 MF Mozambique Simão Mate
88%
22 DF Germany Christian Lell
75%
4 DF Spain David Navarro
75%
- Coach Spain Juan Ignacio Martínez
75%
20 MF Spain Juanlu
75%
6 DF Greece Loukas Vyntra
75%
8 FW Morocco Nabil El Zhar
75%
15 DF Greece Nikolaos Karabelas
75%
17 FW Greece Theofanis Gekas
75%
9 FW Spain Ángel Rodríguez
63%
21 MF Spain Míchel Herrero
63%
16 FW Spain Pedro Ríos
63%
9 FW Italy Robert Acquafresca
63%
5 DF Spain Héctor Rodas
50%
6 MF Spain Miguel Pallardó
50%
17 FW Cape Verde Valdo
50%
14 MF Poland Dariusz Dudka
38%
2 DF Italy Massimo Volta
38%
11 MF Spain Óscar Serrano
38%
No matching quizzes found
Score Distribution
Percent of People with Each Score
Percentile by Number Answered
Your Score History
You have not taken this quiz